| 000 | 00470nam a2200157 i 4500 | ||
|---|---|---|---|
| 001 | bg | ||
| 100 | 1 | _aKOCIATKIEWICZ, Krzysztof. | |
| 245 | 0 |
_aPrzegląd programów EMC z zakresu projektowania budowlanego / _cKrzysztof Kociatkiewicz, Hanna Krzyszczuk, Bernadeta Wadecka. |
|
| 260 |
_aWarszawa, _c1974. |
||
| 700 | 1 | _aKRZYSZCZUK, Hanna. | |
| 700 | 1 | _aWADECKA, Bernadeta. | |
| 040 | _cBPK | ||
| 041 | _apol | ||
| 942 | _cKS | ||
| 008 | s pl f |000 0 pol | ||
| 999 |
_c26489 _d26489 |
||
| 856 |
_uhttp://koha.tu.koszalin.pl/cgi-bin/koha/opac-detail.pl?biblionumber=26489 _yKatalog online BPK |
||